[Event "Moscow op"]
[Site "Moscow"]
[Date "1994.??.??"]
[Round "3"]
[White "Moizhess, Igor"]
[Black "Bitman, Alexander R"]
[Result "1-0"]
[WhiteElo "2470"]
[BlackElo "2205"]

1.Nf3 Nf6 2.c4 g6 3.Nc3 Bg7 4.d4 O-O 5.e4 d6 6.Be2 e5 7.O-O exd4 8.Nxd4 Re8
9.f3 Nh5 10.g4 Nf6 11.Be3 Nc6 12.Nxc6 bxc6 13.Qd2 c5 14.Rad1 Bb7 15.b3 Nd7
16.Nd5 a5 17.a4 Bxd5 18.cxd5 f5 19.gxf5 gxf5 20.Kh1 Kh8 21.Bb5 fxe4 22.Bg5 Qc8
23.fxe4 Rxe4 24.Qg2 Rd4 25.Rxd4 cxd4 26.Bd3 Ne5 27.Bf5 Qb7 28.Rg1 Qxb3 29.Be4 Rg8
30.Bd2 Ng6 31.Bxa5 Be5 32.Bd2 Ne7 33.Qf1 Rxg1+ 34.Kxg1 Kg7 35.a5 Qa2 36.Qg2+ Kf7
37.Qe2 Ng6 38.Qf1+ Kg7 39.Qc1  1-0

[Event "Moscow ol (Men)"]
[Site "Moscow"]
[Date "1994.??.??"]
[Round "4"]
[White "Santa, Luis A"]
[Black "Mamombe, Kudzanai"]
[Result "1-0"]
[WhiteElo "2245"]
[BlackElo "2120"]

1.d4 Nf6 2.c4 g6 3.Nc3 Bg7 4.e4 d6 5.Nf3 O-O 6.Be2 e5 7.d5 a5 8.Bg5 h6 9.Bh4 Na6
10.Nd2 Nc5 11.O-O Bd7 12.b3 Qc8 13.a3 Nh7 14.f3 g5 15.Bf2 f5 16.b4 axb4 17.axb4 Rxa1
18.Qxa1 Na6 19.c5 Nb8 20.cxd6 cxd6 21.Nc4 Rf6 22.Nb6 Qd8 23.Qa8 Rf7 24.Rc1 f4
25.Qxb7 Bf8 26.Qa8 h5 27.Nxd7 Rxd7 28.Ba7 Rg7 29.Qxb8 Qf6 30.Bb6 g4 31.Bd8 Qg6
32.Nb5 Ng5 33.Bxg5 Qxg5 34.Rc8 Rf7 35.Nxd6 Qh4 36.Nxf7  1-0

[Event "Moscow ol (Men)"]
[Site "Moscow"]
[Date "1994.??.??"]
[Round "4"]
[White "Shirov, Alexei"]
[Black "Tkachiev, Vladislav"]
[Result "1/2-1/2"]
[WhiteElo "2740"]
[BlackElo "2535"]

1.d4 Nf6 2.c4 g6 3.Nc3 Bg7 4.e4 d6 5.Be2 O-O 6.Nf3 Na6 7.O-O e5 8.Be3 Ng4
9.Bg5 Qe8 10.dxe5 dxe5 11.h3 Nf6 12.Be3 b6 13.a3 Nc5 14.Qc2 Nfd7 15.Rad1 Ne6
16.Qd2 Ndc5  1/2-1/2

[Event "Moscow op"]
[Site "Moscow"]
[Date "1994.??.??"]
[Round "5"]
[White "Volodin, Viktor"]
[Black "Khomyakov, Vladimir"]
[Result "0-1"]
[WhiteElo "2370"]
[BlackElo "2340"]

1.c4 Nf6 2.Nc3 g6 3.e4 d6 4.d4 Bg7 5.Nf3 O-O 6.Be2 e5 7.O-O Na6 8.d5 Nc5
9.Qc2 a5 10.Be3 Ng4 11.Bg5 f6 12.Bh4 h5 13.h3 Nh6 14.Nd2 g5 15.Bg3 f5 16.Bxh5 f4
17.Bh2 g4 18.hxg4 Bxg4 19.Bxg4 Nxg4 20.Rfe1 Qh4 21.Nf1 f3 22.Bg3 Qh5 23.Ne3 Nxe3
24.Rxe3 Rf6 25.Rxf3 Rh6 26.Bh4 Qxh4 27.Rh3 Qg4 28.Rg3 Qh5 29.Rh3 Qg6 30.Rxh6 Bxh6
31.Qe2 Rf8 32.g3 Rf4 33.Re1 Bf8 34.Kg2 Be7 35.b3 Bd8 36.Qc2 c6 37.a3 cxd5
38.cxd5 Bb6 39.Re2 Qg4 40.b4 axb4 41.axb4 Na6 42.Kh2 Rf7  0-1

[Event "Moscow ol (Men)"]
[Site "Moscow"]
[Date "1994.??.??"]
[Round "6"]
[White "Babula, Vlastimil"]
[Black "Nadyrhanov, S."]
[Result "1/2-1/2"]
[WhiteElo "2515"]
[BlackElo "2475"]

1.d4 Nf6 2.c4 g6 3.Nc3 Bg7 4.e4 d6 5.Nf3 O-O 6.Be2 e5 7.d5 a5 8.Bg5 h6 9.Bh4 Na6
10.O-O Qe8 11.Bxf6 Bxf6 12.a3 Bd7 13.b3 Qe7 14.Qc2 Bg7 15.Rab1 c5 16.dxc6 bxc6
17.Rfd1 Rfb8 18.Qd2 Bf8 19.Na4 Be6 20.b4 axb4 21.axb4 Qa7 22.b5 Nc5 23.Nc3 Kg7
24.Qc2 Rc8 25.Nd2 Nd7 26.Nf1 cxb5 27.Nxb5 Qc5 28.Ne3 Nb6 29.Qd2 Ra4 30.Nxd6 Bxd6
31.Qxd6 Nxc4 32.Qxc5 Rxc5 33.Bxc4 Bxc4 34.Rbc1 Rc6 35.f3 h5 36.h4 Bb5 37.Rxc6 Bxc6
38.Rc1 Ra6 39.Rc5 f6 40.Rc2  1/2-1/2

[Event "Moscow ol (Women)"]
[Site "Moscow"]
[Date "1994.??.??"]
[Round "6"]
[White "Maksimovic, Suzana"]
[Black "Kovalevskaya, Ekaterina"]
[Result "0-1"]
[WhiteElo "2295"]
[BlackElo "2290"]

1.d4 Nf6 2.c4 d6 3.Nc3 Nbd7 4.e4 e5 5.Nf3 g6 6.Be2 Bg7 7.O-O O-O 8.Qc2 c6
9.Rd1 Qe7 10.Rb1 exd4 11.Nxd4 Nc5 12.f3 a5 13.Bg5 h6 14.Bh4 Re8 15.Bf1 Be6
16.Rd2 Rad8 17.a3 Bc8 18.b4 axb4 19.axb4 Ne6 20.Nxe6 Bxe6 21.b5 g5 22.Bf2 Nd7
23.bxc6 bxc6 24.Ne2 Ne5 25.Nd4 c5 26.Nxe6 fxe6 27.Rb6 Qc7 28.Qb1 Rb8 29.Rdb2 Rxb6
30.Rxb6 Ra8 31.Qb5 Kh7 32.h4 Qe7 33.Rb7 Qf6 34.Qb6 Qf8 35.hxg5 hxg5 36.Be3 Kg6
37.Qc7 Ra1 38.Rb8 Nxf3+ 39.gxf3 Qxf3 40.Bf2 Qg4+  0-1

[Event "Moscow ol (Men)"]
[Site "Moscow"]
[Date "1994.??.??"]
[Round "6"]
[White "Isaev, Jamshed"]
[Black "Jacimovic, Dragoljub"]
[Result "1/2-1/2"]
[WhiteElo "2380"]
[BlackElo "2400"]

1.d4 Nf6 2.c4 g6 3.Nc3 Bg7 4.e4 d6 5.Nf3 O-O 6.Be2 e5 7.O-O Na6 8.Re1 c6
9.Bf1 Bg4 10.d5 Nb4 11.Qb3 a5 12.a3 Na6 13.Na4 Nd7 14.Bg5 Nac5 15.Nxc5 Nxc5
16.Qc3 f6 17.Bh4 Bxf3 18.Qxf3 a4 19.Rad1 Qe7 20.Qc3 Nb3 21.dxc6 bxc6 22.f3 Nd4
23.Bf2 c5 24.b4 axb3 25.Bxd4 exd4 26.Qxb3 Rfb8 27.Qd3 Qa7 28.Ra1 Qa4 29.Reb1 Bh6
30.Be2 Be3+ 31.Kh1 Rxb1+ 32.Qxb1 Qa7 33.Qc2 Rb8 34.Bd3 Kg7 35.g3 Qa5 36.Kg2 Qd2+
37.Qxd2 Bxd2 38.Rb1 Ra8 39.Ra1 Bc3 40.Ra2 Rb8 41.Kf2 Ba5 42.Bc2 Kf7 43.Ke2 Bc3
44.Kd3 Ke7 45.a4 Ba5  1/2-1/2

[Event "Moscow ol (Men)"]
[Site "Moscow"]
[Date "1994.??.??"]
[Round "7"]
[White "Santa, Luis A"]
[Black "Al Modiahki, Mohamad"]
[Result "1/2-1/2"]
[WhiteElo "2245"]
[BlackElo "2370"]

1.d4 Nf6 2.Nf3 g6 3.c4 Bg7 4.Nc3 O-O 5.e4 d6 6.Be2 e5 7.d5 a5 8.Bg5 h6 9.Bh4 Na6
10.Nd2 Qe8 11.a3 Bd7 12.b3 Nh7 13.f3 h5 14.O-O Bh6 15.Bf2 Qe7 16.Qc2 h4 17.Rfd1 Bf4
18.Rab1 Qg5 19.Bf1 Nf6 20.b4 axb4 21.axb4 Nh5 22.c5 dxc5 23.bxc5 Nxc5 24.Nc4 Na4
25.Rxb7 Nxc3 26.Qxc3 Ra2 27.Rb2 Rfa8 28.Rdb1 Bh3 29.Qe1 Bxg2 30.Bxh4 Bxf1+
31.Bxg5 Bxc4 32.Bxf4 Nxf4 33.Qd2 Rxb2 34.Qxb2 Ra2 35.Qb8+ Kg7 36.Rb2 Ra1+
37.Rb1 Ra2 38.Rb2 Ra1+ 39.Rb1 Ra2 40.Rb2 Ra1+  1/2-1/2

[Event "Moscow ol (Men)"]
[Site "Moscow"]
[Date "1994.??.??"]
[Round "7"]
[White "Nickoloff, Bryon"]
[Black "Manninen, Marko"]
[Result "1/2-1/2"]
[WhiteElo "2390"]
[BlackElo "2385"]

1.d4 Nf6 2.c4 g6 3.Nc3 Bg7 4.e4 d6 5.Be2 O-O 6.Nf3 e5 7.Be3 Ng4 8.Bg5 f6
9.Bh4 Nc6 10.d5 Ne7 11.Nd2 Nh6 12.f3 c5 13.Rb1 f5 14.b4 b6 15.Qc2 Qc7 16.Qa4 Bf6
17.Bf2 Bd7 18.Qa6 Bc8 19.Qa3 f4 20.Kd1 g5 21.Kc2 g4 22.Rb2 Ng6 23.Rbb1 Qe7
24.Nb5 Qd7 25.Bf1 gxf3 26.gxf3 Nf7 27.Nc3 Bd8 28.Qa4 Qxa4+ 29.Nxa4 h5 30.bxc5 bxc5
31.Rb3 Ba5 32.Nc3 Kg7 33.Nb5 Bd7 34.Nc3  1/2-1/2

[Event "Moscow ol (Men)"]
[Site "Moscow"]
[Date "1994.??.??"]
[Round "7"]
[White "Giorgadze, Giorgi"]
[Black "Situru, Nathanael"]
[Result "1-0"]
[WhiteElo "2565"]
[BlackElo "2415"]

1.Nf3 Nf6 2.c4 g6 3.Nc3 Bg7 4.e4 d6 5.d4 O-O 6.Be2 e5 7.Be3 Ng4 8.Bg5 f6
9.Bh4 Nc6 10.d5 Ne7 11.Nd2 Nh6 12.f3 Nf7 13.b4 a5 14.bxa5 Rxa5 15.Nb3 Ra8
16.O-O b6 17.a4 Bd7 18.Nb5 Qb8 19.Qd3 g5 20.Bf2 f5 21.a5 bxa5 22.Nxa5 Ng6
23.exf5 e4 24.Qd2 Nf4 25.fxe4 Bxa1 26.Rxa1 Re8 27.Bf1 Rxe4 28.Nd4 h6 29.g3 Nh5
30.Qc3 Qf8 31.Bg2 Re5 32.Ne6 Qb8 33.Bd4 Nf6 34.Bxe5 Nxe5 35.c5 Be8 36.h3 g4
37.h4 Ra7 38.Nc4 Rxa1+ 39.Qxa1 Qb3 40.Nxe5 Qe3+ 41.Kh2 Nh5 42.Ng6 Qxg3+ 43.Kh1 Kf7  1-0

[Event "Moscow2"]
[Site "Moscow"]
[Date "1994.??.??"]
[Round "7"]
[White "Shipov, Sergei"]
[Black "Kazhgaleyev, Murtas"]
[Result "1/2-1/2"]
[WhiteElo "2525"]
[BlackElo "2335"]

1.d4 Nf6 2.c4 g6 3.Nc3 Bg7 4.e4 d6 5.Be2 O-O 6.Nf3 Na6 7.O-O e5 8.Be3 Ng4
9.Bg5 Qe8 10.dxe5 dxe5 11.h3 h6 12.Bd2 Nf6 13.Be3 Nh5 14.c5 Nf4 15.Bb5 Qe6
16.Qb3 Qxb3 17.axb3 Nb4 18.Ra4 a5 19.Rfa1 c6  1/2-1/2

[Event "Moscow ol (Women)"]
[Site "Moscow"]
[Date "1994.??.??"]
[Round "8"]
[White "Amura, Claudia Noemi"]
[Black "Arribas, Maritza"]
[Result "0-1"]
[WhiteElo "2325"]
[BlackElo "2200"]

1.d4 Nf6 2.c4 g6 3.Nc3 Bg7 4.e4 d6 5.Be2 O-O 6.Nf3 Na6 7.O-O e5 8.Be3 Ng4
9.Bg5 f6 10.Bc1 Kh8 11.h3 Nh6 12.Be3 Nf7 13.dxe5 dxe5 14.c5 c6 15.Bxa6 Qxd1
16.Rfxd1 bxa6 17.b3 Be6 18.Na4 Rfd8 19.Bd2 Bf8 20.Ba5 Rdc8 21.Nd2 Nd8 22.Bc3 Kg7
23.Nc4 Bxc4 24.bxc4 Ne6 25.Rd7+ Kg8 26.Rb1 Rd8 27.Rbb7 Rxd7 28.Rxd7 Bxc5
29.Nxc5 Nxc5 30.Rc7 Nxe4 31.Ba5 Rd8 32.f3 Rd1+ 33.Kh2 Nd2 34.Rxc6 Nf1+ 35.Kg1 f5
36.g4 f4 37.c5 Rc1 38.Rc8+ Kf7 39.Kf2 Ne3 40.Ke2 Rc2+ 41.Kd3 Rxa2 42.Bc7 Ke6
43.Rd8 Ra3+ 44.Ke4 Nc4  0-1

[Event "Moscow ol (Men)"]
[Site "Moscow"]
[Date "1994.??.??"]
[Round "8"]
[White "Isaev, Jamshed"]
[Black "Titov, German"]
[Result "0-1"]
[WhiteElo "2380"]
[BlackElo "2485"]

1.e4 g6 2.d4 Bg7 3.c4 d6 4.Nc3 Nd7 5.Nf3 e5 6.Be2 Ngf6 7.O-O O-O 8.Re1 Re8
9.Bf1 a6 10.d5 a5 11.Qc2 Nc5 12.Be3 b6 13.a3 Ng4 14.Bxc5 bxc5 15.h3 Nf6 16.Nd2 Bh6
17.Nb5 Bd7 18.Qc3 Rf8 19.Rab1 a4 20.b4 axb3 21.Rxb3 Nh5 22.Qb2 f5 23.exf5 gxf5
24.Nf3 e4 25.Nh2 Bg7 26.Qd2 Be5 27.Kh1 Kh8 28.g4 fxg4 29.hxg4 Bxg4 30.Nxg4 Qh4+
31.Rh3 Qxg4 32.Qe2 Rf3 33.Rh2 Bxh2 34.Bg2 Be5  0-1

[Event "Moscow ol (Men)"]
[Site "Moscow"]
[Date "1994.??.??"]
[Round "8"]
[White "Gostisa, Leon"]
[Black "McNab, Colin Anderson"]
[Result "1-0"]
[WhiteElo "2420"]
[BlackElo "2465"]

1.d4 d6 2.Nf3 g6 3.c4 Nd7 4.e4 e5 5.Nc3 Bg7 6.Be2 Ngf6 7.O-O O-O 8.Re1 c6
9.Bf1 Qe7 10.Rb1 a5 11.Bg5 h6 12.Bh4 Re8 13.d5 Nc5 14.Nd2 Qf8 15.b3 Bd7 16.a3 cxd5
17.cxd5 Reb8 18.Bb5 Bxb5 19.Nxb5 Ne8 20.Nc4 b6 21.b4 axb4 22.axb4 Nd7 23.Qg4 Rb7
24.Ra1 Rc8 25.Rec1 h5 26.Qg3 Bh6 27.Bg5 Bxg5 28.Qxg5 Ndf6 29.Qe3 Qe7 30.f3 Qd7
31.Nca3 Rxc1+ 32.Rxc1 Nc7 33.Rc6 Ncxd5 34.exd5 Nxd5 35.Qc1 Nf4 36.Rc8+ Kg7
37.Qc6 Qxc6 38.Rxc6 d5 39.g3 Ne6 40.Rd6 e4 41.f4 Nc7 42.Kf2 h4 43.g4 Ne8
44.Rd8 Nf6 45.h3 Re7 46.Ke3 Re6 47.Nd4 Re8 48.Rxe8 Nxe8 49.Nab5 Kf6 50.Nc3 Nc7
51.Ndb5  1-0

[Event "Moscow ol (Men)"]
[Site "Moscow"]
[Date "1994.??.??"]
[Round "8"]
[White "Moldobaev, Emil"]
[Black "Grivas, Efstratios"]
[Result "1/2-1/2"]
[WhiteElo "2385"]
[BlackElo "2475"]

1.Nf3 Nf6 2.c4 g6 3.Nc3 Bg7 4.e4 d6 5.d4 O-O 6.Be2 e5 7.Be3 c6 8.d5 Ng4 9.Bg5 f6
10.Bh4 c5 11.Nd2 h5 12.h3 Nh6 13.Nf1 Nd7 14.Ne3 Rf7 15.Qc2 Nf8 16.g4 hxg4
17.hxg4 Rd7 18.O-O-O Nf7 19.g5 Nxg5 20.Bxg5 fxg5 21.Bg4 Rf7 22.Rh3 a6 23.f3 b5
24.Rdh1 Bxg4 25.Nxg4 bxc4 26.Qh2 Rf4 27.Qe2 Rb8 28.Kb1 Qb6 29.Ka1 Rb7 30.Ne3 Rbf7
31.Qh2 Rh4 32.Qg2 Qd8 33.Ng4 Rf4 34.Rc1 Rxh3 35.Qxh3 Rf7 36.Nd1 Qa5 37.Nc3 Qd8
38.Qg2 Qe7 39.Nd1 Qb7 40.Nde3 Qb8 41.Nxc4 Qd8 42.Rc3 Nh7 43.Rb3 Bf8 44.a3 Nf6
45.Ka2 Kg7 46.Nce3 Nh5 47.Qe2 a5 48.Qd1 a4 49.Rc3 Qa5 50.Rc4 Ra7 51.Qc2 Nf4
52.Nd1 Qe1 53.Rxa4 Rb7 54.Nc3 Qf1 55.Nh2 Qg1 56.Qd2 Qg3 57.Ra5 Ng2 58.Ng4 Qxf3
59.Qxg5 Qf4 60.Qxf4 exf4 61.Rb5 Ra7 62.Rb6 Ne3 63.Nxe3 fxe3 64.Kb3 g5 65.e5 dxe5
66.Re6 g4 67.Rxe5 Kf6 68.Rxe3 Kf5 69.Kc4 Bh6 70.Re2 g3 71.d6 Rg7 72.Re7 g2
73.Rxg7 Bxg7 74.d7 Bf6 75.Ne2 Ke4  1/2-1/2

[Event "Moscow op"]
[Site "Moscow"]
[Date "1994.??.??"]
[Round "8"]
[White "Vulfson, Vladimir"]
[Black "Iskusnyh, Sergei"]
[Result "1-0"]
[WhiteElo "2430"]
[BlackElo "2425"]

1.d4 Nf6 2.c4 g6 3.Nc3 Bg7 4.e4 d6 5.Nf3 O-O 6.Be2 e5 7.d5 a5 8.h3 Na6 9.Bg5 Qe8
10.Nd2 Nd7 11.a3 f6 12.Be3 f5 13.f3 Nf6 14.g4 Bd7 15.Qc2 c6 16.Bd3 cxd5 17.cxd5 b5
18.exf5 gxf5 19.gxf5 e4 20.Ndxe4 b4 21.Rg1 bxc3 22.Qxc3 Rc8 23.Qxf6 Rxf6
24.Nxf6+ Kh8 25.Nxe8 Rxe8 26.Kd2 Nc5 27.Rxg7 Nb3+ 28.Kc3 Kxg7 29.Rg1+ Kf7
30.Bh6 Ba4 31.Rg7+ Kf6 32.Rc7 Re1 33.h4  1-0

[Event "Moscow2"]
[Site "Moscow"]
[Date "1994.??.??"]
[Round "9"]
[White "Notkin, Maksim"]
[Black "Kazhgaleyev, Murtas"]
[Result "0-1"]
[WhiteElo "2485"]
[BlackElo "2335"]

1.d4 Nf6 2.c4 g6 3.Nc3 Bg7 4.e4 d6 5.Nf3 O-O 6.Be2 Na6 7.O-O e5 8.Re1 Qe8
9.Bg5 Bg4 10.h3 Bxf3 11.Bxf3 Nd7 12.d5 h6 13.Bd2 f5 14.a3 f4 15.b4 h5 16.Be2 Kh8
17.Qc2 g5 18.f3 Nf6 19.Kf2 c5 20.dxc6 bxc6 21.c5 Nc7 22.cxd6 Ne6 23.Na4 Nd4
24.Qc4 Rd8 25.Bc3 Nc2 26.Red1 Ne3 27.Qb3 Qg6 28.Nc5 g4 29.hxg4 hxg4 30.Rh1+ Nh7
31.Ne6 Nxg2 32.fxg4 f3 33.Nxf8 Rxf8 34.Bxf3 Qxg4 35.Bd2 Nh4 36.Rxh4 Qxh4+
37.Ke2 Qf6 38.Rh1 Qxd6 39.Be3 Qg6 40.Kf2 Qxe4 41.Bc5 Rf4 42.Qe3 Qc2+ 43.Qe2 Qg6
44.Ke1 Qg3+  0-1

[Event "Moscow"]
[Site "Moscow"]
[Date "1994.??.??"]
[Round "9"]
[White "Ivanov, Victor L"]
[Black "Komliakov, Viktor"]
[Result "1/2-1/2"]
[WhiteElo "2385"]
[BlackElo "2445"]

1.d4 d6 2.Nf3 Nf6 3.c4 g6 4.Nc3 Nbd7 5.e4 e5 6.Be2 Bg7 7.O-O O-O 8.Qc2 Re8
9.d5 Nh5 10.g3 Bf8 11.Ne1 Ng7 12.Nd3 Be7 13.b4 f5 14.f4 Bf6 15.Bb2 exf4 16.Nxf4 Bd4+
17.Kh1 Nf6 18.Rad1 Be5 19.Nd3 Bd4 20.Ne1 Be3 21.Bd3 Ng4 22.Nf3 Bh6 23.Bc1 Bxc1
24.Qxc1 a5 25.a3 axb4 26.axb4 fxe4 27.Bxe4 Bf5 28.Ng5 Ra1 29.Qxa1 Qxg5 30.Rd4 Nh5
31.Rf3 Ne5 32.Rf1 Ng4 33.Rf3 Ne5 34.Rf1 Ng4  1/2-1/2

[Event "Moscow ol (Men)"]
[Site "Moscow"]
[Date "1994.??.??"]
[Round "10"]
[White "Hook, William"]
[Black "Frick, Renato"]
[Result "1-0"]
[WhiteElo "2180"]
[BlackElo "2160"]

1.d4 Nf6 2.c4 g6 3.Nc3 Bg7 4.e4 d6 5.Be2 O-O 6.Nf3 e5 7.d5 Nbd7 8.O-O Nc5
9.Nd2 a5 10.Rb1 Bd7 11.b3 Qe7 12.a3 b6 13.Qc2 Bh6 14.b4 axb4 15.axb4 Na4
16.Nb5 c6 17.dxc6 Bxc6 18.Ra1 Bxd2 19.Bxd2 Bxb5 20.cxb5 Rfc8 21.Qd3 Qb7 22.f3 Ra7
23.Ra3 d5 24.Rfa1 dxe4 25.fxe4 Rca8 26.Qb3 Nxe4 27.Be1 Qd7 28.Qd1 Qd4+ 29.Qxd4 exd4
30.Bd3 Nec3 31.Bxc3 dxc3 32.Bc2 Rd8 33.Rxa4 Rxa4 34.Bxa4 Rd4 35.Bc2 Rxb4
36.Rb1 Rc4 37.Kf2 Kf8 38.Ke3 Ke7 39.Bd3 Rc5 40.Rc1 Kd6 41.Kd4 Rh5 42.h3 Rg5
43.Rc2 Rg3 44.Be4 Rg5 45.Bc6 Rg3 46.Rxc3 Rxc3 47.Kxc3 Ke5 48.Kd3 Kf4 49.Kd4  1-0

[Event "Moscow ol (Men)"]
[Site "Moscow"]
[Date "1994.??.??"]
[Round "10"]
[White "Daly, Colm"]
[Black "Bogdanovski, Vlatko"]
[Result "1/2-1/2"]
[WhiteElo "2265"]
[BlackElo "2465"]

1.d4 Nf6 2.c4 g6 3.Nc3 Bg7 4.e4 d6 5.Nf3 O-O 6.Be2 Na6 7.O-O e5 8.Re1 c6
9.Bf1 Bg4 10.Be3 Bxf3 11.Qxf3 Ng4 12.Qxg4 exd4 13.Bg5 f6 14.Bd2 dxc3 15.Bxc3 Nc5
16.Qd1 a5 17.Qc2 f5 18.exf5 Rxf5 19.Rad1 Bxc3 20.Qxc3 Qf6 21.Qd2 Rd8 22.g3 a4
23.f4 Qg7 24.Re3 g5 25.Bh3 Rxf4 26.gxf4 gxf4+ 27.Kh1 fxe3 28.Qxe3 Qf6 29.Rf1 Qe5
30.Qh6 Qe4+ 31.Bg2 Qe7 32.Bh3 Kh8 33.Rf6 Rg8 34.Be6 Rg7 35.h3 d5 36.cxd5 cxd5
37.Bg4 Rf7 38.Rxf7 Qxf7 39.Qd6 Ne4 40.Qe5+ Nf6 41.Be6 Qe7 42.Qb8+ Kg7 43.Qg3+ Kf8
44.Qb8+ Qe8 45.Qd6+ Kg7 46.Qc7+ Kh8 47.Qe5 Qd8 48.Kg1 Kg7 49.Kf1 h6 50.Qg3+ Kf8
51.Qe5 Qe7 52.a3 b5 53.Ke2 Kg7 54.Qg3+ Kf8 55.Qe5 Kg7 56.Qg3+ Kh8 57.Qe5 Kg7
58.Qg3+ Kf8 59.Qe5 Kg7 60.Qg3+  1/2-1/2

[Event "Moscow ol (Men)"]
[Site "Moscow"]
[Date "1994.??.??"]
[Round "10"]
[White "Babula, Vlastimil"]
[Black "Grivas, Efstratios"]
[Result "0-1"]
[WhiteElo "2515"]
[BlackElo "2475"]

1.d4 Nf6 2.c4 g6 3.Nc3 Bg7 4.e4 d6 5.Nf3 O-O 6.Be2 e5 7.d5 a5 8.Bg5 h6 9.Bh4 Na6
10.Nd2 Qe8 11.O-O Bd7 12.Rb1 Nh7 13.a3 a4 14.Nb5 Bxb5 15.cxb5 Nc5 16.f3 b6
17.Bf2 Nf6 18.Bxc5 bxc5 19.b4 axb3 20.b6 cxb6 21.Rxb3 Qe7 22.g3 h5 23.h4 Bh6
24.Nc4 Nd7 25.Qb1 f5 26.exf5 gxf5 27.Bd3 Qf6 28.Qb2 Qg6 29.Kh2 e4 30.Be2 b5
31.Rxb5 f4 32.g4 hxg4 33.fxg4 f3 34.Bd1 Bg7 35.Qf2 Qxg4 36.Rg1 Qf4+ 37.Kh1 Ra7
38.Rg5 Nf6 39.Ne3 Nh7 40.Rg4 Qe5 41.Bc2 Nf6 42.Rg5 Qd4 43.Rb6 Ne8 44.a4 Raf7
45.Rb1 Rf4 46.Rd1 Qc3 47.Re1 R8f7 48.Ng4 Kf8 49.Re3 Qd4 50.h5 Nf6 51.Nh2 Nxd5
52.Nf1 Bf6 53.Rxd5 Qxd5 54.Bb3 Qxh5+ 55.Nh2 Rg7 56.Qd2 Be5  0-1

[Event "Moscow ol (Men)"]
[Site "Moscow"]
[Date "1994.??.??"]
[Round "11"]
[White "Watanabe, Akira"]
[Black "Saleh, Abdulla"]
[Result "1-0"]
[WhiteElo "2315"]
[BlackElo "2105"]

1.d4 Nf6 2.c4 g6 3.Nc3 Bg7 4.e4 d6 5.Be2 O-O 6.Nf3 e5 7.Be3 Nc6 8.d5 Ne7
9.Nd2 Ne8 10.c5 f5 11.f3 f4 12.Bf2 Rf7 13.Nc4 g5 14.cxd6 cxd6 15.Qb3 b6 16.a4 Bd7
17.Nb5 Nc8 18.a5 Bxb5 19.Qxb5 Nc7 20.Qb3 h5 21.Na3 a6 22.Nc2 Ne8 23.Nb4 Ne7
24.Bxb6 Qd7 25.O-O Ng6 26.Nxa6 Rxa6 27.Bb5 Qc8 28.Rfc1 Qa8 29.Bxa6 Qxa6 30.Qc4 Ra7
31.Qxa6 Rxa6 32.Rc8 Kf7 33.b4 Ne7 34.Rb8  1-0

[Event "Moscow ol (Women)"]
[Site "Moscow"]
[Date "1994.??.??"]
[Round "11"]
[White "Agababian, Naira"]
[Black "Kovalevskaya, Ekaterina"]
[Result "1/2-1/2"]
[WhiteElo "2205"]
[BlackElo "2290"]

1.d4 Nf6 2.c4 d6 3.Nf3 Nbd7 4.e4 e5 5.Nc3 g6 6.Be2 Bg7 7.O-O O-O 8.Re1 c6
9.Bf1 a5 10.d5 Nc5 11.b3 Bd7 12.dxc6 Bxc6 13.Bg5 Ne6 14.Qd2 Nxg5 15.Qxg5 Qb6
16.Qd2 Rad8 17.Rab1 Ng4 18.h3 Bh6 19.Qc2 Nf6 20.a3 Qc7 21.Qd3 Nh5 22.g3 f5
23.Nd5 Qf7 24.Nd2 Nf6 25.Nxf6+ Qxf6 26.Bg2 fxe4 27.Nxe4 Bxe4 28.Qxe4 Qxf2+
29.Kh2 b6 30.Re2 Qd4 31.Qc2 Kh8 32.Rd1 Qc5 33.b4 axb4 34.Rd5 Qc7 35.axb4 Bg7
36.Qd3 Rc8 37.Rxd6 Qxc4 38.Qxc4 Rxc4 39.Rxb6 Re8 40.b5 e4 41.Rc6 Rb4 42.Rxe4 Rexe4
43.Bxe4 Be5 44.Rc8+ Kg7 45.Bc6 Rb2+ 46.Kh1 Bxg3 47.Ra8 Kh6 48.Ra6 Bc7 49.Kg1 Bg3
50.Ra3 Bh4 51.Ra4 Bg3 52.Rg4 Be5 53.Kf1 Kg7  1/2-1/2

[Event "Moscow ol (Men)"]
[Site "Moscow"]
[Date "1994.??.??"]
[Round "11"]
[White "Nadera, Barlo A"]
[Black "Barbero, Gerardo F"]
[Result "1-0"]
[WhiteElo "2405"]
[BlackElo "2490"]

1.d4 Nf6 2.c4 g6 3.Nc3 Bg7 4.Nf3 O-O 5.e4 d6 6.Be2 Na6 7.O-O e5 8.d5 Nc5
9.Qc2 a5 10.b3 Nh5 11.g3 f5 12.Ne1 fxe4 13.Be3 Bh3 14.Bxc5 Bxf1 15.Bxf1 dxc5
16.Nxe4 Qe7 17.Nd3 b6 18.Re1 Rae8 19.Bg2 Bh6 20.Nc3 e4 21.Nxe4 Ng7 22.Qc3 Qd8
23.Ne5 Nf5 24.Nc6 Bg7 25.Qc1 Qd7 26.Bh3 h6 27.Bg4 Qf7 28.Kg2 Kh7 29.f4 Kh8
30.h4 Bd4 31.Qd2 Qg7 32.Qd3 h5 33.Bh3 Ba1 34.Qf3 Bd4 35.Re2 Qf7 36.Kh2 Bg7
37.Ng5 Rxe2+ 38.Qxe2 Qf6 39.Ne5 Nxg3 40.Qd3 Nf5 41.Ne4 Qd8 42.Nxg6+ Kg8 43.Ng5 Qf6
44.Bxf5 Qb2+ 45.Kh3  1-0

[Event "Moscow ol (Men)"]
[Site "Moscow"]
[Date "1994.??.??"]
[Round "12"]
[White "Vera, Reynaldo"]
[Black "Peng Xiaomin"]
[Result "1/2-1/2"]
[WhiteElo "2485"]
[BlackElo "2480"]

1.d4 Nf6 2.c4 g6 3.Nc3 Bg7 4.e4 d6 5.Nf3 O-O 6.Be2 e5 7.O-O Na6 8.Be3 c6
9.d5 Ng4 10.Bg5 f6 11.Bh4 h5 12.h3 Nh6 13.Nd2 Nf7 14.a3 c5 15.Rb1 Bh6 16.b4 b6
17.bxc5 Nxc5 18.Nb3 Nxb3 19.Rxb3 Bg5 20.Bg3 h4 21.Bh2 f5 22.a4 Bf4 23.a5 Bxh2+
24.Kxh2 bxa5 25.Ra3 fxe4 26.Nxe4 Bf5 27.Bd3 Rc8 28.Qe2 Ng5 29.Nxg5 Qxg5 30.Rxa5 Qf4+
31.Kg1 Qd4 32.Bxf5 Rxf5 33.Qa2 Qf4  1/2-1/2

[Event "Moscow ol (Men)"]
[Site "Moscow"]
[Date "1994.??.??"]
[Round "13"]
[White "Nadera, Barlo A"]
[Black "Hertneck, Gerald"]
[Result "0-1"]
[WhiteElo "2405"]
[BlackElo "2605"]

1.Nf3 g6 2.c4 Bg7 3.Nc3 d6 4.d4 Nf6 5.e4 O-O 6.Be2 Na6 7.O-O e5 8.d5 Nc5
9.Qc2 a5 10.Bg5 h6 11.Be3 b6 12.Ne1 Ne8 13.Nd3 f5 14.Nxc5 dxc5 15.a3 Rf7
16.Bd2 Bd7 17.Kh1 Nd6 18.f3 a4 19.b4 axb3 20.Qxb3 Bf6 21.a4 Bg5 22.Qc2 fxe4
23.fxe4 Rxf1+ 24.Rxf1 Bxd2 25.Qxd2 Kg7 26.Ra1 Qh4 27.Bd3 g5 28.Kg1 g4 29.Qe3 Kg6
30.Qe2 Qg5 31.Bc2 h5 32.Nd1 Kf6 33.Nf2 Ke7 34.Nd1 h4 35.Ne3 g3 36.h3 Rf8
37.Nd1 Be8 38.Ne3 Rf2 39.Qe1 Bh5 40.Bd1 Be2 41.Ra3 Nxc4 42.d6+ cxd6 43.Nd5+ Kd8
44.Bxe2 Nxa3 45.a5 Rxe2 46.Qxe2 Qc1+ 47.Qf1 Qxf1+ 48.Kxf1 bxa5 49.Ne3 Nb5
50.Ke2 a4 51.Kd2 a3 52.Kc1 Ke7 53.Nd5+ Kf7 54.Kb1 Kg6 55.Ka2 Kg5 56.Kb3 Nd4+
57.Kxa3 Nc2+  0-1

[Event "Moscow ol (Women)"]
[Site "Moscow"]
[Date "1994.??.??"]
[Round "13"]
[White "Kunte, Abhijit"]
[Black "Rudaityte, Ilona"]
[Result "0-1"]
[WhiteElo "2190"]
[BlackElo "2160"]

1.d4 Nf6 2.Nf3 g6 3.c4 Bg7 4.Nc3 d6 5.e4 Nbd7 6.Be2 O-O 7.O-O e5 8.Re1 c6
9.Rb1 a5 10.Bf1 Re8 11.d5 c5 12.Nb5 Nf8 13.b3 Nh5 14.Nd2 Nf4 15.Kh1 Qe7 16.a3 Rd8
17.b4 axb4 18.axb4 Nd7 19.g3 Nh5 20.Nb3 cxb4 21.Bd2 Nc5 22.Bxb4 b6 23.Qc2 f5
24.f3 Nf6 25.Nc3 Rf8 26.Bd3 fxe4 27.Bxe4 Nfxe4 28.fxe4 Bh3 29.Nd1 Nxe4 30.Ra1 Rxa1
31.Nxa1 Qf6 32.Qe2 Ng5 33.Nc3 e4 34.Nc2 Qf2 35.Ne3 Bxc3 36.Bxc3 Bg2+  0-1

[Event "Moscow ol (Men)"]
[Site "Moscow"]
[Date "1994.??.??"]
[Round "13"]
[White "Huss, Andreas"]
[Black "Moutousis, Konstantinos"]
[Result "1/2-1/2"]
[WhiteElo "2430"]
[BlackElo "2425"]

1.d4 Nf6 2.Nf3 g6 3.c4 Bg7 4.Nc3 O-O 5.e4 d6 6.Be2 e5 7.d5 a5 8.O-O Na6 9.Ne1 Nc5
10.f3 Nfd7 11.Nd3 b6 12.Nf2 f5 13.b3 Nf6 14.Bd2 Rf7 15.a3 Bd7 16.b4 axb4
17.axb4 Rxa1 18.Qxa1 Nb3 19.Qa2 Nxd2 20.Qxd2 Qf8 21.Ra1 Bh6 22.Qd3 Bg5 23.Ra7 Qh6
24.Ncd1 Bd2 25.Qb3 fxe4 26.fxe4 Be1 27.Ra2 Bxf2+ 28.Nxf2 Qc1+ 29.Qd1 Qc3
30.Qd2 Qb3 31.Rb2 Qa3 32.Ra2 Qb3 33.Rb2 Qa3 34.Bd1 Qa8 35.Ra2 Qf8 36.Bf3 Kg7
37.Qc1 Qb8 38.Qa1 Rf8 39.h3 c6 40.Ra7 cxd5 41.exd5 Rf7 42.Ne4 Nxe4 43.Bxe4 Bc8
44.Rxf7+ Kxf7 45.Qa4 Ke7 46.c5 dxc5 47.bxc5 bxc5 48.Qc6 Bd7 49.Qxc5+ Qd6
50.Qe3 Kf7 51.Qh6 Kg8 52.Qg5 Be8 53.Kh2 Kg7 54.Qd2 Bd7 55.h4 h6 56.Qc3 Qf6
57.g3 Qd6 58.Qc1 Qb4 59.Qc7 Qxe4 60.Qxd7+ Kg8 61.Qc8+ Kf7 62.Qb7+ Kg8 63.Qa8+ Kg7
64.Qa7+ Kg8 65.Qa2 Qd4 66.Qa8+ Kg7 67.Qb7+ Kg8 68.Qc8+ Kg7 69.Qd7+ Kg8 70.Qe6+ Kg7  1/2-1/2

[Event "Moscow ol (Men)"]
[Site "Moscow"]
[Date "1994.??.??"]
[Round "13"]
[White "Tisdall, Jonathan D"]
[Black "Gurcan, Selim"]
[Result "1-0"]
[WhiteElo "2465"]
[BlackElo "2205"]

1.d4 Nf6 2.c4 g6 3.Nc3 Bg7 4.e4 d6 5.Nf3 O-O 6.Be2 e5 7.Be3 Ng4 8.Bg5 f6
9.Bh4 g5 10.Bg3 Nh6 11.h3 Nc6 12.dxe5 dxe5 13.O-O Qe8 14.Nd5 Qf7 15.b4 Rd8
16.b5 Nb4 17.Qb3 Nxd5 18.cxd5 Bf8 19.Rac1 Bd6 20.Qe3 Qg7 21.Rc3 b6 22.a4 Nf7
23.Nd2 Nh6 24.Rfc1 f5 25.exf5 Nxf5 26.Qe4 Rf8 27.Bg4 Bd7 28.Rxc7 Bxc7 29.Rxc7 Nxg3
30.Be6+ Kh8 31.fxg3 Rfd8 32.Nf3 Rac8 33.Rxa7 Ra8 34.Rb7 Rab8 35.Nxe5 Rxb7
36.Nf7+ Kg8 37.Nxd8+ Bxe6 38.Qxe6+ Kf8 39.Nxb7 Qxb7 40.Qf6+ Kg8 41.d6  1-0

[Event "Moscow ol (Men)"]
[Site "Moscow"]
[Date "1994.??.??"]
[Round "14"]
[White "Giorgadze, Giorgi"]
[Black "Sepp, Olav"]
[Result "1-0"]
[WhiteElo "2565"]
[BlackElo "2470"]

1.Nf3 Nf6 2.c4 g6 3.Nc3 Bg7 4.e4 d6 5.d4 O-O 6.Be2 e5 7.Be3 Na6 8.d5 Ng4
9.Bg5 f6 10.Bh4 Nh6 11.Nd2 Qe8 12.g4 f5 13.h3 c6 14.Rg1 Kh8 15.Nb3 cxd5 16.Nxd5 fxe4
17.Qd2 Be6 18.O-O-O Bxd5 19.cxd5 e3 20.Qxe3 Nb4 21.Kb1 Rc8 22.Rd2 a5 23.a3 a4
24.Na5 g5 25.Qxg5 Rf4 26.axb4 a3 27.b5 axb2 28.Rxb2 Ra4 29.Nb3 Rca8 30.Rc1 Qb8
31.b6 e4 32.Rc7 Qf8 33.Rxg7 Qxg7 34.Qe7 Ng8 35.Qxg7+ Kxg7 36.Bb5 Rb4 37.Nd2 Rd4
38.Bc6 Rb8 39.Bd7 Nf6 40.Be6 Re8 41.Nb3 Rd3 42.Nc1 Rd4 43.Ne2 Rd3 44.Nf4 Rf3
45.g5 Nxd5 46.Bxd5 Rxf4 47.Bg3  1-0